| 000 | 00698nam a22002177a 4500 | ||
|---|---|---|---|
| 005 | 20170428164140.0 | ||
| 008 | 170428b xxu||||| |||| 00| 0 eng d | ||
| 010 | _aENG-117994 | ||
| 020 |
_a9788123707662 _c165.00 |
||
| 035 | _aEN-101526 | ||
| 037 | _bDBAD/PUB | ||
| 082 | _a383.454 | ||
| 100 | _aVishnu Swarup | ||
| 245 |
_aGarden flowers / _cby Vishnu Swarup |
||
| 260 |
_aNew Delhi _bNational Book Trust _c2015 |
||
| 270 |
_a5, Nehru Bhawan, Institutional Area, Phase-II, Vasant Kunj _bNew Delhi _e110070 |
||
| 300 |
_aix,276p. : _bill. _c22cm (pbk) |
||
| 500 | _a Includes index | ||
| 650 |
_aPostal Service _xHistory _zIndia _926729 |
||
| 942 |
_2ddc _cEN _mVIS _h635.903 |
||
| 999 |
_c139372 _d139372 |
||